[Event "Budapest Spring Festival 2019"]
[Site "Budapest"]
[Date "2019.04.09"]
[Round "1.37"]
[White "Shagbazyan, Taron"]
[Black "Csati, Oliver"]
[Result "1/2-1/2"]
[WhiteElo "2429"]
[BlackElo "2221"]
[Annotator "TA"]
[PlyCount "95"]
[EventDate "2019.04.09"]
[EventType "swiss"]
[EventCountry "HUN"]
[SourceTitle "playchess.com"]
[Source "ChessBase"]
[SourceQuality "1"]

{[%evp 24,95,8,0,0,0,0,-25,-19,-8,26,-8,0,-7,0,-45,-29,-35,-31,-25,11,10,10,8,8,8,16,16,10,20,8,9,56,66,57,58,67,0,74,3,3,0,0,0,12,10,11,17,21,25,26,8,85,70,115,45,100,101,110,66,70,64,77,98,79,0,0,0,0,0,0,0,0,0]} 1. d4 Nf6 2. c4 e6 3. Nc3 Bb4 4. e3 O-O 5. Bd3 d5 6. Nf3 c5 7. O-O cxd4 8. exd4 dxc4 9. Bxc4 Nc6 10. a3 Be7 11. Qd3 a6 12. Bg5 b5 13. Bb3 Bb7 {D27: Queen's Gambit Accepted: Classical main line: 7 e4!? and 7 a4} 14. Rad1 (14. Rfd1 Rc8 15. Rac1 Na5 16. Bc2 g6 17. Bh6 Re8 18. Ne5 Nc4 19. Nxc4 Rxc4 20. Bb3 Rc8 {0-1 (30) Bruno,F (2455)-Lenic,L (2565) Bratto 2009}) 14... b4 15. Bc2 g6 {Black has an edge.} 16. Na4 {[%cal Bc3a4,Ba4c5,Bc5e4,Be4d6][%mdl 32]} Nd5 17. Bxe7 Qxe7 18. Qd2 $146 ({Predecessor:} 18. Nc5 Rfd8 19. Nxb7 Qxb7 20. Rfe1 Rac8 21. Rc1 Qb6 22. Ba4 {0-1 (61) Karavade,E (2321)-Meenakshi,S (2347) Chennai 2006}) 18... Rfd8 19. Nc5 Rac8 20. axb4 Ndxb4 21. Be4 Nxd4 {[%mdl 64] [#] Remove Defender} 22. Nxd4 Bxe4 $1 23. Nxe4 e5 24. Nf5 gxf5 25. Nd6 Rb8 $1 {...Qf6 is the strong threat.} ({Don't blunder} 25... Qh4 $2 26. g3 $18) 26. Nxf5 Qf6 27. Nd6 Kf8 {Hoping for ...Rb6.} 28. f4 e4 $1 29. Nxe4 Qe7 30. Qe2 (30. Nd6 $1 $14 Qf6 31. f5) 30... Rxd1 (30... Re8 $11 31. Rd4 f5) 31. Qxd1 (31. Rxd1 $16 {And now Qc4 would win.} Re8 32. Rd4) 31... Rd8 $132 {[%mdl 2048] Black puts up resistance} 32. Qf3 Rd3 33. Qe2 f5 34. Ng3 {White wants to play Qh5.} Qxe2 35. Nxe2 {[%mdl 4096] Endgame KRN-KRN} Rd2 36. Ng3 Rxb2 37. Ra1 Ke7 (37... Nd3 $11 {keeps the balance.}) 38. Nxf5+ $16 Ke6 39. Ne3 (39. g4 $16) 39... Rb3 (39... Re2 $14) 40. Nc4 Kd5 41. Na5 Rb2 42. f5 {Threatens to win with Rd1+.} Nc2 43. Rd1+ Ke4 {[#]} 44. Rd7 (44. f6 $1 $16 Rb8 45. f7) 44... Kxf5 $11 {The position is equal.} 45. Rxh7 Ne3 46. Rg7 Ng4 {[%cal Rb2b1]} 47. Rf7+ Kg6 48. Rf1 {Accuracy: White = 55%, Black = 53%.} 1/2-1/2

[Event "Budapest Spring Festival 2019"]
[Site "Budapest"]
[Date "2019.04.09"]
[Round "1.38"]
[White "Jamrich, Gyorgy"]
[Black "Nguyen, Piotr"]
[Result "0-1"]
[WhiteElo "2216"]
[BlackElo "2427"]
[Annotator "TA"]
[PlyCount "102"]
[EventDate "2019.04.09"]
[EventType "swiss"]
[EventCountry "HUN"]
[SourceTitle "playchess.com"]
[Source "ChessBase"]
[SourceQuality "1"]

{[%evp 13,102,25,39,27,27,27,38,0,41,20,73,21,0,26,20,0,0,0,20,0,0,0,0,-30,0,-161,0,0,0,-70,0,-26,0,-14,-7,-18,-13,-41,-47,-46,-35,-106,-125,-117,-47,-55,-72,-77,-86,-265,-273,-366,-363,-391,-391,-384,-397,-383,-391,-357,-210,-628,-701,-691,-671,-552,-846,-825,-750,-818,-781,-786,-535,-995,-977,-1114,-1100,-1053,-1006,-1000,-1019,-1011,-988,-29993,-29994,-29995,-29986,-29991,-29992,-29992,-29993]} 1. e4 g6 2. d4 Bg7 3. Nc3 d6 4. Be3 a6 5. Qd2 b5 6. f3 Nd7 7. g4 Bb7 8. Nge2 {B06: Modern Defence} (8. h4 h5 9. gxh5 Rxh5 10. Nge2 Ngf6 11. Ng3 Rh8 12. O-O-O Nb6 13. h5 gxh5 14. Nf5 Bf8 15. Bg5 e6 {0-1 (32) Amin,B (2635)-Mamedov,R (2659) Dubai 2014}) 8... c5 9. Ng3 Qc7 10. Be2 {White is slightly better.} Rc8 11. d5 Nb6 $146 (11... b4 $11 {remains equal.} 12. Nd1 e6) ({Predecessor:} 11... b4 12. Nd1 a5 13. h4 Nb6 14. Rb1 Qd7 15. h5 {½-½ (36) Coimbra,M (2080)-Meira Iglesias,A Orense 2002}) 12. h4 (12. O-O $16) 12... b4 $11 13. Nd1 e6 14. c4 bxc3 $1 15. Nxc3 Ne7 {[%cal Re6d5]} 16. dxe6 fxe6 {Hoping for ...0-0.} 17. O-O-O d5 {...0-0 is the strong threat.} 18. exd5 Nexd5 ({Wrong is} 18... Qxg3 $2 19. Bf4 $18) 19. Nxd5 $2 (19. Nge4 $11 {and White is okay.}) 19... exd5 $2 (19... Bxd5 $19 20. Bf4 Qb7) 20. Bf4 Qf7 21. Qe3+ ({White should play} 21. h5 $11) 21... Qe7 (21... Kd7 $1 $15 22. Kb1 d4) 22. Qxe7+ Kxe7 23. h5 Kf7 24. Bd3 Na4 $36 {[%mdl 2048] Black has some pressure.} 25. Rh2 c4 26. Bb1 Nc5 27. h6 (27. Rdh1 $15) 27... Bf6 $17 28. g5 Ne6 (28... Be7 $17 29. Bc2 Rhf8) 29. gxf6 $15 {Black must now prevent Be5.} Nxf4 30. Rh4 g5 31. Rg4 $2 (31. Rh2 $17) 31... Kxf6 $19 32. Rd4 Rcf8 33. Kd2 Bc8 34. Rdxf4+ gxf4 35. Nh5+ Ke5 36. Rg7 d4 (36... Be6 $142 37. b3 Kd4 38. bxc4 Bf5) 37. Bxh7 $2 (37. Rg5+ Ke6 38. Be4) 37... Bf5 38. Bxf5 Rxf5 {[%mdl 4096] Endgame KRR-KRN} 39. Re7+ Kd6 (39... Kd5 $142 40. Rd7+ Ke6 41. Ng7+ Kxd7 42. Nxf5 d3) 40. Ng7 Rb5 41. Re6+ Kd5 42. Kc1 d3 43. Rxa6 Kd4 44. Re6 {[#]} d2+ $1 {[%mdl 512]} 45. Kc2 {[#]} (45. Kxd2 Rxb2+) 45... d1=Q+ $1 {[%mdl 576] Deflection} 46. Kxd1 Rxb2 {Threatens to win with ...Rhb8.} 47. Nf5+ Kc3 {( -> ...Rg8)} 48. Nd6 Kd3 {[%cal Rb2b1] Black mates.} 49. Ke1 Rb6 50. Re2 Rb1+ 51. Kf2 Rxh6 {Accuracy: White = 28%, Black = 65%.} 0-1

[Event "Budapest Spring Festival 2019"]
[Site "Budapest"]
[Date "2019.04.09"]
[Round "1.39"]
[White "Srinath, Rao S.V."]
[Black "Taranenko, Evgueniy"]
[Result "1-0"]
[WhiteElo "2416"]
[BlackElo "2212"]
[Annotator "NA"]
[PlyCount "47"]
[EventDate "2019.04.09"]
[EventType "swiss"]
[EventCountry "HUN"]
[SourceTitle "playchess.com"]
[Source "ChessBase"]
[SourceQuality "1"]
[TimeControl "40/5400+30:1800+30"]

1. e4 {[%emt 0:00:17]} Nc6 {[%emt 0:00:05]} 2. Nc3 {[%emt 0:01:43]} e6 {[%emt 0:00:07]} 3. d4 {[%emt 0:00:23]} Bb4 {[%emt 0:00:35]} 4. a3 {[%emt 0:01:39]} Bxc3+ {[%emt 0:00:08]} 5. bxc3 {[%emt 0:00:02]} d6 {[%emt 0:01:12]} 6. Bd3 {[%emt 0:01:18]} e5 {[%emt 0:01:39]} 7. Ne2 {[%emt 0:01:07]} Nge7 {[%emt 0:07:03]} 8. O-O {[%emt 0:01:36]} O-O {[%emt 0:00:18]} 9. f4 {[%emt 0:00:23]} exf4 {[%emt 0:21:48]} 10. Nxf4 {[%emt 0:02:13]} Ng6 {[%emt 0:00:14]} 11. Nxg6 {[%emt 0:02:38]} hxg6 {[%emt 0:00:09]} 12. Qf3 {[%emt 0:00:55]} Qh4 {[%emt 0:13:25]} 13. Rb1 {[%emt 0:00:50]} a6 {[%emt 0:03:48]} 14. Bf4 {[%emt 0:03:00]} Qh5 {[%emt 0:18:37]} 15. Qg3 {[%emt 0:02:35]} b5 {[%emt 0:06:39]} 16. h3 {[%emt 0:00:25]} Na5 {[%emt 0:04:34]} 17. Rf2 {[%emt 0:01:06]} Bb7 {[%emt 0:04:27]} 18. Be2 {[%emt 0:01:37]} Qh7 {[%emt 0:00:01]} 19. e5 {[%emt 0:01:01]} d5 {[%emt 0:03:18]} 20. e6 {[%emt 0:03:35]} Nc4 {[%emt 0:05:17]} 21. Bd3 {[%emt 0:02:01]} f5 {[%emt 0:01:24]} 22. Bg5 {[%emt 0:00:21]} Nxa3 {[%emt 0:02:51]} 23. Ra1 {[%emt 0:02:16]} Nc4 {[%emt 0:00:06]} 24. Rf4 {[%emt 0:00:10]} 1-0

[Event "Budapest Spring Festival 2019"]
[Site "Budapest"]
[Date "2019.04.09"]
[Round "1.40"]
[White "Pujari, Rucha"]
[Black "Horvath, Dominik"]
[Result "1-0"]
[WhiteElo "2205"]
[BlackElo "2412"]
[Annotator "TA"]
[PlyCount "47"]
[EventDate "2019.04.09"]
[EventType "swiss"]
[EventCountry "HUN"]
[SourceTitle "playchess.com"]
[Source "ChessBase"]
[SourceQuality "1"]

{[%evp 10,47,29,23,45,28,56,49,54,52,87,89,104,105,100,60,86,53,108,100,118,76,100,110,189,150,249,193,178,181,461,382,600,595,585,554,740,733,686,691]} 1. e4 Nc6 2. Nc3 e6 3. d4 Bb4 4. a3 Bxc3+ 5. bxc3 d6 6. Bd3 {LiveBook: 3 Games. B00: Queen's Fianchetto Defence, Nimzowitsch Defence} e5 7. Ne2 Nge7 8. O-O {White is slightly better.} O-O 9. f4 exf4 $146 ({Predecessor:} 9... f5 10. d5 Nb8 11. fxe5 dxe5 12. exf5 Qxd5 13. Ng3 {½-½ (44) Fedorov,A (2646)-Conquest,S (2529) Saint Vincent 2000}) 10. Nxf4 Ng6 11. Nxg6 hxg6 12. Qf3 Qh4 13. Rb1 a6 (13... b6 $14) 14. Bf4 Qh5 15. Qg3 b5 16. h3 Na5 (16... Bd7 $16) 17. Rf2 Bb7 (17... Be6 $16) 18. Be2 Qh7 {[#]} 19. e5 $1 {[%cal Be4e5,Be5e6][%mdl 32]} d5 $2 (19... dxe5 20. dxe5 (20. Bxe5 Bd5 $16) 20... Bd5) 20. e6 Nc4 (20... fxe6 $142 21. Bd3 (21. Bxc7 Nc4 $18) 21... Rf6) 21. Bd3 $18 {White is clearly winning.} f5 22. Bg5 Nxa3 23. Ra1 Nc4 24. Rf4 {Accuracy: White = 75%, Black = 22%.} 1-0

[Event "Budapest Spring Festival 2019"]
[Site "Budapest"]
[Date "2019.04.10"]
[Round "2.1"]
[White "Kayonde, Andrew"]
[Black "Nisipeanu, Liviu-Dieter"]
[Result "0-1"]
[WhiteElo "2394"]
[BlackElo "2680"]
[Annotator "TA"]
[PlyCount "50"]
[EventDate "2019.04.09"]
[EventType "swiss"]
[EventCountry "HUN"]
[SourceTitle "playchess.com"]
[Source "ChessBase"]
[SourceQuality "1"]

{[%evp 16,50,0,0,48,18,36,-59,-27,-106,-85,-99,-117,-118,-111,-180,-147,-213,-175,-297,-283,-283,-274,-315,-329,-309,-221,-275,-283,-349,-341,-532,-520,-769,-792,-29995,6]} 1. d4 Nf6 2. c4 e6 3. Nc3 Bb4 4. e3 O-O 5. Nge2 c6 (5... Re8 6. a3 Bf8 7. d5 d6 8. g3 exd5 9. cxd5 c5 10. Bg2 Nbd7 11. O-O c4 12. Nd4 Nc5 13. Qe2 Nd3 14. b3 Nxc1 15. Rfxc1 cxb3 {½-½ (74) Caruana,F (2822)-So,W (2780) Saint Louis 2018}) 6. a3 {E46: Nimzo-Indian: Rubinstein: 4 e3 0-0 5 Ne2 without early Bd3} Ba5 7. Qc2 d5 8. Ng3 Nbd7 9. Be2 {LiveBook: 42 Games} h5 $146 {[%cal Bh7h5,Bh5h4][%mdl 32]} ({Predecessor:} 9... dxc4 10. Bxc4 e5 11. O-O Bc7 12. Ba2 Re8 13. Rd1 exd4 14. Rxd4 {1-0 (32) Mchedlishvili,M (2609)-Berkes,F (2640) Baku 2016}) 10. b4 Bc7 11. f4 (11. cxd5 $14 exd5 12. Nxh5) 11... h4 $15 12. Nf1 (12. cxd5 $1 $11 hxg3 13. dxc6 bxc6 14. hxg3) 12... a5 13. Rb1 axb4 14. axb4 dxc4 15. e4 {[#]} (15. Bxc4 $17 {keeps fighting.} Nd5 16. Bd2) 15... Nb6 $1 $19 16. Be3 (16. Nd2 $17 {was worth a try.}) 16... Re8 {[%cal Bf8e8,Be8e7,Be7e2][%mdl 32]} 17. Nd2 {[#]} (17. e5 $142 h3 18. g3) 17... Nfd5 $1 {[%mdl 512]} 18. exd5 exd5 19. Nf1 Qf6 20. Qc1 Bd7 21. g3 Re7 22. Nd1 Rae8 23. Nf2 (23. Rb2 $142) 23... Na4 24. Rg1 {[#]} Qxd4 $1 {[%mdl 512]} 25. Bxd4 Rxe2+ {[%mdl 32768] Precision: White = 16%, Black = 88%. . Loss on Time!?} 0-1

[Event "Budapest Spring Festival 2019"]
[Site "Budapest"]
[Date "2019.04.10"]
[Round "2.2"]
[White "Onischuk, Vladimir"]
[Black "Szeberenyi, Adam"]
[Result "1-0"]
[WhiteElo "2627"]
[BlackElo "2392"]
[Annotator "TA"]
[PlyCount "125"]
[EventDate "2019.04.09"]
[EventType "swiss"]
[EventCountry "HUN"]
[SourceTitle "playchess.com"]
[Source "ChessBase"]
[SourceQuality "1"]

{[%evp 9,125,52,60,9,29,9,9,7,28,0,0,8,0,9,6,6,6,0,10,7,17,17,26,17,64,62,65,59,64,76,70,59,93,84,81,83,81,89,86,82,83,85,82,83,106,94,89,89,89,89,89,89,89,89,89,89,89,89,89,89,89,89,89,89,87,87,89,89,102,88,89,89,99,99,99,99,99,99,99,99,220,79,257,246,250,243,235,233,210,203,1565,1481,1742,1665,1575,1728,1536,1379,1164,1037,1419,800,668,667,4037,3591,3360,2098,29972,29973,29974,29975,29970,29970,29982,29983,29985,29985]} 1. e4 d5 2. exd5 Qxd5 3. Nc3 Qd6 4. d4 Nf6 5. Nf3 g6 (5... c6 6. g3 Bf5 7. Bg2 h6 8. O-O e6 9. Na4 Nbd7 10. Bf4 Qe7 11. c4 g5 12. Be3 Bg7 13. Qb3 Rb8 {1-0 (88) Grandelius,N (2655)-Andreikin,D (2723) Porto Carras 2018}) 6. g3 {B01: Scandinavian Defence} ({White should play} 6. Nb5 $14 Qb6 7. Be2) 6... Bg7 $1 $11 7. Bg2 Qa6 $1 8. Bf4 {The position is equal.} c6 9. a4 O-O 10. a5 Be6 11. Bf1 Bc4 12. Bxc4 Qxc4 13. Qe2 $36 {[%mdl 2048] White has the initiative.} Qxe2+ 14. Kxe2 {[#]} Nbd7 $146 15. Rhd1 Rfd8 16. Ra3 b5 {Hoping for ...b4.} 17. axb6 $1 axb6 18. Rda1 Rxa3 19. Rxa3 c5 20. Ra7 Bf8 21. dxc5 bxc5 22. Ne5 Nxe5 23. Bxe5 Nd5 24. Nxd5 Rxd5 $16 {[%mdl 4096] Endgame KRB-KRB} 25. Bf4 e5 26. Bd2 Rd8 27. Rc7 e4 28. Be3 Bg7 29. c3 (29. Bxc5 Bxb2 30. Be3 Be5 $11) 29... Rb8 30. Kd1 (30. Bxc5 $6 Rxb2+ 31. Ke3 f5 $11) 30... Bf8 31. Kc2 Rb5 32. c4 Ra5 33. Rc8 {Intending Bh6 and mate.} Kg7 34. Bd2 Ra6 35. Bc3+ f6 36. Re8 Kf7 37. Rxe4 f5 38. Re5 Bd6 39. Re1 h5 40. Bd2 h4 41. gxh4 Bxh2 42. h5 gxh5 43. Rh1 Be5 44. Rxh5 {And now f4 would win.} Ra4 (44... Ra2 $16) 45. Kd3 ({Don't do} 45. Rxf5+ $6 Ke6 $16) (45. f4 $1 $18 Bd6 46. Kb3 (46. Rxf5+ Ke6 $18)) 45... Kg6 $2 {[#]} (45... Bd4 $16) 46. Rh6+ $1 $18 Kg7 47. Rb6 Ra8 48. Bc3 Rd8+ {[#]} 49. Kc2 $1 Bd4 $2 (49... Bxc3 50. Kxc3 (50. bxc3 Rh8 $14) 50... Rc8) 50. Rc6 Kf7 51. Bxd4 Rxd4 52. Rxc5 {KR-KR} Rf4 53. b4 Rxf2+ 54. Kc3 f4 55. Kd4 Ke6 56. Re5+ Kf6 57. Re8 f3 58. Kc5 ({Not} 58. Rf8+ Ke7 $18) 58... Kg5 59. Rf8 {White mates.} Kg4 60. b5 {[%cal Bb4b5,Bb5b6,Bb6b7][%mdl 32]} Rh2 61. b6 f2 62. b7 Rh5+ 63. Kd4 {Accuracy: White = 82%, Black = 52%.} 1-0

[Event "Budapest Spring Festival 2019"]
[Site "Budapest"]
[Date "2019.04.10"]
[Round "2.3"]
[White "Nguyen, Van Thanh"]
[Black "Erdos, Viktor"]
[Result "1/2-1/2"]
[WhiteElo "2391"]
[BlackElo "2610"]
[Annotator "RC"]
[PlyCount "49"]
[EventDate "2019.04.09"]
[EventType "swiss"]
[EventCountry "HUN"]
[SourceTitle "playchess.com"]
[Source "ChessBase"]
[SourceQuality "1"]
[TimeControl "40/5400+30:1800+30"]

1. d4 {[%emt 0:00:05]} Nf6 {[%emt 0:07:08]} 2. Nf3 {[%emt 0:00:13]} d5 {[%emt 0:00:06]} 3. c4 {[%emt 0:00:18]} c6 {[%emt 0:00:04]} 4. Qc2 {[%emt 0:00:20]} dxc4 {[%emt 0:00:10]} 5. Qxc4 {[%emt 0:00:13]} Bg4 {[%emt 0:00:13]} 6. Nbd2 {[%emt 0:00:19]} Nbd7 {[%emt 0:00:10]} 7. g3 {[%emt 0:00:18]} e6 {[%emt 0:00:14]} 8. Bg2 {[%emt 0:00:10]} Be7 {[%emt 0:00:11]} 9. O-O {[%emt 0:00:13]} O-O {[%emt 0:00:10]} 10. b3 {[%emt 0:02:06]} Rc8 {[%emt 0:01:19]} 11. Bb2 {[%emt 0:01:42]} b5 {[%emt 0:00:09]} 12. Qc2 {[%emt 0:05:09]} c5 {[%emt 0:00:40]} 13. Rac1 {[%emt 0:02:50]} Qb6 {[%emt 0:02:55]} 14. Qb1 {[%emt 0:04:55]} h6 {[%emt 0:11:23]} 15. Rfe1 {[%emt 0:07:14]} Bf5 {[%emt 0:12:50]} 16. Qa1 {[%emt 0:03:11]} Bh7 {[%emt 0:00:10]} 17. Red1 {[%emt 0:04:32]} Rfd8 {[%emt 0:00:51]} 18. a3 {[%emt 0:02:04]} Bf8 {[%emt 0:06:56]} 19. h3 {[%emt 0:04:43]} a6 {[%emt 0:04:44]} 20. Ne1 {[%emt 0:04:19]} Qb8 {[%emt 0:14:26]} 21. Nef3 {[%emt 0:03:46]} Qb6 {[%emt 0:00:54]} 22. Ne1 {[%emt 0:00:22]} Qb8 {[%emt 0:00:09]} 23. Nef3 {[%emt 0:00:24]} Nd5 {[%emt 0:05:09]} 24. Kh2 {[%emt 0:16:38]} N5f6 {[%emt 0:03:35]} 25. Kg1 1/2-1/2

[Event "Budapest Spring Festival 2019"]
[Site "Budapest"]
[Date "2019.04.10"]
[Round "2.4"]
[White "Ravi, Teja S."]
[Black "Markus, Robert"]
[Result "1/2-1/2"]
[WhiteElo "2383"]
[BlackElo "2600"]
[Annotator "TA"]
[PlyCount "35"]
[EventDate "2019.04.09"]
[EventType "swiss"]
[EventCountry "HUN"]
[SourceTitle "playchess.com"]
[Source "ChessBase"]
[SourceQuality "1"]

{[%evp 18,35,63,38,54,50,56,39,49,40,52,21,57,58,40,64,51,40,73,45]} 1. d4 Nf6 2. Nf3 d6 3. c4 g6 4. g3 Bg7 5. Bg2 O-O 6. O-O c6 7. Nc3 a6 8. e4 Bg4 9. h3 Bxf3 10. Bxf3 Nbd7 {E62: King's Indian: Fianchetto: 6...c6 and Panno Variation (6...Nc6) without ...a6} 11. Be3 Rc8 (11... e5 12. d5 c5 13. g4 h6 14. Qd2 Nh7 15. Kg2 Qh4 16. Be2 Bf6 17. Bxh6 {1-0 (47) Bocharov,D (2576)-Dzhumaev,M (2434) Voronezh 2018}) 12. Rc1 b5 $146 {White is slightly better.} ({Predecessor:} 12... Re8 13. Qd2 c5 14. b3 cxd4 15. Bxd4 Nc5 16. Bg2 Ne6 17. Be3 {1-0 (36) Okamura,M (2089)-Fernandes,M (1857) Rio de Janeiro 2015}) 13. Qe2 Qa5 14. a3 e6 15. Nb1 bxc4 16. Qxc4 d5 17. Qc3 Qxc3 18. Nxc3 1/2-1/2

[Event "Budapest Spring Festival 2019"]
[Site "Budapest"]
[Date "2019.04.10"]
[Round "2.5"]
[White "Sedlak, Nikola"]
[Black "Gschnitzer, Adrian"]
[Result "0-1"]
[WhiteElo "2598"]
[BlackElo "2380"]
[Annotator "TA"]
[PlyCount "72"]
[EventDate "2019.04.09"]
[EventType "swiss"]
[EventCountry "HUN"]
[SourceTitle "playchess.com"]
[Source "ChessBase"]
[SourceQuality "1"]

{[%evp 18,72,35,48,24,28,93,101,107,91,68,64,89,79,90,72,283,291,296,150,162,159,292,284,290,232,217,201,156,0,0,0,0,0,166,-222,-221,-221,-221,-214,-220,-361,-168,-168,-166,-403,-352,-404,-357,-357,-357,-383,-383,-719,-697,-629,-604]} 1. d4 Nf6 2. Nf3 c5 3. e3 e6 4. Bd3 d5 5. c3 Nbd7 6. Nbd2 Bd6 7. O-O O-O 8. Re1 Qc7 9. e4 dxe4 10. Nxe4 Nxe4 {D05: Colle System with ...e6} 11. Rxe4 b6 (11... Rd8 $11 {remains equal.}) (11... h6 12. Bxh6 f5 13. Rxe6 gxh6 14. dxc5 Bxc5 15. Rxh6 Rf6 16. Qd2 f4 17. Bc4+ Kg7 18. Rh5 Nb6 19. Bd3 Qd6 20. b4 Bxf2+ 21. Qxf2 Qxd3 22. Rg5+ Kf8 23. Re1 Qxc3 24. Qh4 Be6 25. Rc5 {1-0 (25) Burghoff,A (2529)-Mrazik,L (2508) ICCF email 2004}) 12. Rh4 $16 f5 {White is better.} 13. Ng5 Nf6 14. Bc4 Qe7 $146 ({Predecessor:} 14... Kh8 15. Bxe6 Qe7 16. Nxh7 Nxh7 17. Rxh7+ {1-0 (17) Roehl,R (2160)-Colpe,M (2105) Germany 2009}) 15. Qf3 $36 {[%mdl 2048] White has strong initiative.} h6 16. Qxa8 {[#] aiming for Nf3.} hxg5 $2 (16... b5 $16) 17. Bxg5 $18 Ba6 18. Qxf8+ ({White should play} 18. Qf3 $18 Bxc4 19. dxc5 {[%mdl 64] Discovered Attack} Bxh2+ 20. Rxh2) 18... Kxf8 $16 19. Bxa6 {Threatens to win with Re1.} b5 (19... cxd4 $16 {was called for.} 20. Rxd4 (20. cxd4 Kf7 $16) 20... Bc5) 20. Re1 $18 (20. Bxb5 Qb7 $18) 20... cxd4 21. Rxd4 Qc7 22. Bxf6 (22. Rxe6 Bxh2+ 23. Kf1 Be5 $14) 22... gxf6 23. h3 $2 {[#]} ({Not} 23. Rxe6 Bxh2+ 24. Kh1 Be5 $11) ({Better is} 23. Bxb5 $16 Bxh2+ 24. Kf1) 23... Bc5 $1 $11 {[%cal Rc5d4]} 24. Rd2 ({Don't blunder} 24. Rxe6 $2 Kf7 $19) 24... Qc6 25. Rd8+ Ke7 $2 (25... Kf7 $11 {and Black is okay.} 26. Red1 (26. Bc8 Bxf2+ {[%mdl 64] Decoy} 27. Kxf2 Qb6+ {[%mdl 64] Double Attack} 28. Kf1 Qxd8 $11) 26... Qxa6 27. R1d7+ Kg6 28. Rg8+ Kh6 29. Rh8+ Kg6 30. Rg8+ Kh6 31. Rh8+ Kg6 32. Rg8+) 26. Rc8 $4 {[%mdl 8192]} (26. Red1 $18) 26... Qb6 $19 27. Rxc5 Qxc5 {[%mdl 4096] Endgame KQ-KRB} 28. Bb7 b4 {[%cal Bb5b4,Bb4b3][%mdl 1056] Black has strong compensation.} 29. Rc1 (29. Ba6 $142) 29... Qc4 (29... Qb5 $142 30. Bf3 bxc3 31. bxc3 Qb2) 30. Bf3 e5 31. Bh5 $2 (31. b3 Qf4 32. Rc2) 31... a5 32. a3 b3 33. Re1 Qd3 34. Re2 e4 35. g3 $2 (35. f4 Qg3 36. Rf2) 35... Kf8 36. Kg2 Kg7 {Accuracy: White = 48%, Black = 62%.} 0-1